|
|
|
|
| LEADER |
00000nab a2200000 a 4500 |
| 001 |
vtls000172615 |
| 003 |
SK-MaSNL |
| 005 |
20260304032143.0 |
| 008 |
111104c1983 xo 0 slo |
| 015 |
|
|
|a SNBRB19rr/mm-uuuuu
|
| 035 |
|
|
|a CL0182727
|
| 040 |
|
|
|a SNKBUCL
|b slo
|c SNKBUCL
|e AACR2
|
| 041 |
0 |
|
|a slo
|
| 044 |
|
|
|a xo
|c SK
|
| 080 |
|
|
|a 53:52
|2 1981
|
| 080 |
|
|
|a 52
|2 1981
|
| 100 |
1 |
|
|a Kudela, Karel,
|d 1946-
|4 aut
|9 92591
|
| 245 |
1 |
0 |
|a Mozaika sa dopĺňa
|b náš prínos k poznaniu fyzikálnych procesov v kozme
|c Karol Kudela
|
| 610 |
2 |
7 |
|a Slovenská akadémia vied.
|b Ústav experimentálnej fyziky
|2 SNKKA
|9 62585
|
| 650 |
0 |
7 |
|a kozmická fyzika
|2 snkbucl
|9 106898
|
| 651 |
|
7 |
|a 5100
|2 snkbucl
|9 166206
|
| 655 |
|
7 |
|a články z novín a časopisov
|2 snkbucl
|9 267496
|
| 773 |
0 |
|
|t Práca
|g Roč. 38, č. 3O4 (24. 12. 1983), s. 9
|
| 850 |
|
|
|a Slovenská národná knižnica v Martine
|a MTA001
|
| 852 |
|
|
|a SNK
|b KIS3GCP
|
| 958 |
|
|
|a RK
|
| 992 |
|
|
|a RBX
|
| 999 |
|
|
|c 2641556
|d 2643486
|